| 000 | 00505 a2200181 4500 | ||
|---|---|---|---|
| 999 |
_c10216 _d10216 |
||
| 020 | _a9788131705360 | ||
| 050 | _aTA439 NEV 1987 | ||
| 100 |
_aNeville, Adam M. _eauthor |
||
| 245 |
_aConcrete technology / _cAdam M. Neville and J. J. Brooks |
||
| 264 |
_aNew Delhi : _bPearson Education, _cc1987 |
||
| 300 |
_a452 pages : _billustrations |
||
| 500 | _aIncludes index | ||
| 650 | _aConcrete | ||
| 650 | _aCement | ||
| 650 | _aBeton | ||
| 700 |
_aBrooks, J. J. _eauthor |
||
| 942 |
_2lcc _cBK _h439 _iNEV _kTA |
||